000 00462nam a2200169Ia 4500
008 230917s9999||||xx |||||||||||||| ||und||
020 _cRS 1295.00
040 _e5012621
_aMAIN
041 _aEnglish
082 _a006.31 S87R
100 _aSutton, Richard S
245 0 _aReinforcement learning: An introduction
260 _aCambridge
_bMIT Press
_c1998
300 _axviii, 322 p.
500 _a4532 10/02/2022 RK22/2497 19/02/2022 Main Budget
942 _cBK
999 _c5462
_d5462